[Event "IBCA EU-ch blind 02nd"]
[Site "Krynica"]
[Date "1999.??.??"]
[Round "1"]
[White "Ivanenko, Siarhei"]
[Black "Khokhlov, Viacheslav"]
[Result "1/2-1/2"]
[WhiteElo "2000"]
[BlackElo "2275"]
[PlyCount "82"]
[EventDate "1999.07.04"]
[EventType "swiss"]
[EventRounds "9"]
[EventCountry "POL"]
[SourceTitle "EXT 2000"]
[Source "ChessBase"]
[SourceDate "1999.11.16"]
[SourceVersion "1"]
[SourceVersionDate "1999.11.16"]
[SourceQuality "1"]

1. e4 c6 2. d4 d5 3. exd5 cxd5 4. Bd3 Nc6 5. c3 Nf6 6. Bf4 e6 7. Nf3 Be7 8. 0-0 Bd7 9. Nbd2 Qb6 10. Qb3 Qxb3 11. axb3 Nh5 12. Bg3 Nxg3 13. hxg3 h6 14. b4 Bd6 15. Rfe1 0-0 16. b5 Ne7 17. Nb3 Rfc8 18. Nbd2 g5 19. Ne5 Bxe5 20. Rxe5 Rd8 21. Nb1 Nc8 22. Na3 Nd6 23. Rc1 Rac8 24. Re2 Kg7 25. f3 Rc7 26. Rec2 Rdc8 27. Kf2 Be8 28. b3 Kf6 29. c4 dxc4 30. bxc4 Nf5 31. Bxf5 Kxf5 32. Ke3 a6 33. b6 Re7 34. c5 Bc6 35. Nc4 Rd8 36. Ne5 Bd5 37. c6 bxc6 38. Nxc6 Bxc6 39. Rxc6 Kf6 40. Rc7 Rxc7 41. bxc7 Rc8 1/2-1/2

[Event "IBCA EU-ch blind 02nd"]
[Site "Krynica"]
[Date "1999.??.??"]
[Round "3"]
[White "Wolak, Tomasz"]
[Black "Khokhlov, Viacheslav"]
[Result "1-0"]
[WhiteElo "2105"]
[BlackElo "2275"]
[PlyCount "53"]
[EventDate "1999.07.04"]
[EventType "swiss"]
[EventRounds "9"]
[EventCountry "POL"]
[SourceTitle "EXT 2000"]
[Source "ChessBase"]
[SourceDate "1999.11.16"]
[SourceVersion "1"]
[SourceVersionDate "1999.11.16"]
[SourceQuality "1"]

1. e4 c5 2. Nf3 e6 3. d4 cxd4 4. Nxd4 Nf6 5. Nc3 Nc6 6. Nxc6 bxc6 7. e5 Nd5 8. Ne4 Qa5+ 9. c3 Qc7 10. f4 f5 11. exf6 Nxf6 12. Nxf6+ gxf6 13. Qh5+ Ke7 14. Bd3 Qb6 15. g4 Ba6 16. Bxa6 Qxa6 17. g5 Bg7 18. Rf1 fxg5 19. f5 Raf8 20. Bxg5+ Bf6 21. fxe6 dxe6 22. Rxf6 Rxf6 23. Bxf6+ Kxf6 24. Qh6+ Kf7 25. 0-0-0 Qe2 26. Qf4+ Ke7 27. Qg5+ 1-0